000 00511nam a2200169Ia 4500
999 _c578
_d578
003 OSt
005 20210920144725.0
008 190216s9999||||xx |||||||||||||| ||und||
040 _coclc
082 _a492.79
_bKOO/S
100 _aKoothy, Ahamad Bin Kunhi Ahammd
_98863
245 0 _aAl Shafi Fi Ilmi Al Arodh Wal Qawafi /
_cAhamad Bin Kunhi Ahammd Koothy
260 _bAl Hida Book Stall,
_aCalicut:
300 _a48p
650 _aArabic
942 _cBK
_2ddc
_h492.79
_iKOO/S
_k492.79
_mKOO/S